| 000 | 01003nam a2200241Ia 4500 | ||
|---|---|---|---|
| 999 |
_c34571 _d34571 |
||
| 001 | 332 | ||
| 003 | GE_BSU | ||
| 005 | 20221226115342.0 | ||
| 008 | 181216s2011||||ge |||||||||||||| ||geo|| | ||
| 020 | _a978994080373 | ||
| 040 | _cGE_BSU | ||
| 041 | _ageo | ||
| 080 | _a34(479.22)(09) გ–61 | ||
| 100 |
_aგოგოლიშვილი, ოთარ _916582 |
||
| 245 |
_aსაქართველოს სამართლის ისტორია : _b(სალექციო კურსი) / _cოთარ გოგოლიშვილი ; [რედ. ომარ მახარაძე]. |
||
| 264 |
_aბათუმი : _bლაზარე+, _c2011. |
||
| 300 |
_a201გვ.; _b19 სმ. |
||
| 541 | _h8ლ. | ||
| 653 | _aსაქართველოს სამართლის ისტორია | ||
| 653 | _aსალექციო კურსი | ||
| 700 |
_aმახარაძე, ომარ _eრედაქტორი _9244 |
||
| 942 |
_cBK _2udc |
||